Superheroes by Alter Egos - Statistics

General Stats
  • This quiz has been taken 1,396 times
    1,392 since last reset
  • The average score is 33 of 50
Answer Stats
Hint Answer % Correct
Tony Stark Iron Man
100%
Bruce Banner Incredible Hulk
99%
Bruce Wayne Batman
93%
Peter Parker Spider-Man
93%
Steve Rogers Captain America
91%
Kal-El Superman
88%
Thor Odinson Thor
88%
Diana Prince (Princess Diana) Wonder Woman
88%
Clint Barton Hawkeye
86%
Barry Allen The Flash
86%
Natalia Romanova Black Widow
84%
Stephen Strange Dr. Strange
83%
Tim Drake Robin
82%
Hal Jordan Green Lantern
81%
Charles Xavier Professor X
81%
Matt Murdock Daredevil
79%
T'Challa Black Panther
78%
Selina Kyle Catwoman
78%
Reed Richards Mr. Fantastic
77%
Hank Pym Ant-Man
75%
Oliver Queen Green Arrow
75%
Scott Summers Cyclops
74%
Barbara Gordon Batgirl
73%
Dick Grayson Nightwing
73%
Jean Grey Marvel Girl/Phoenix
71%
Kara Zor-El Supergirl
71%
Ben Grimm The Thing
70%
James Howlett Wolverine
69%
James Rhodes War Machine
68%
Johnny Blaze Ghost Rider
67%
Billy Batson Captain Marvel
65%
Sam Wilson Falcon
63%
James Barnes Winter Soldier
60%
Arthur Curry Aquaman
58%
Janet Van Dyne Wasp
58%
Bobby Drake Iceman
53%
Daniel Rand Iron Fist
53%
Carol Danvers Ms. Marvel
50%
Luke Cage Power Man
50%
Dinah Lance Black Canary
48%
Victor Stone Cyborg
47%
Joe Dredd Judge Dredd
44%
Kitty Pryde Shadowcat
39%
Jennifer Walters She-Hulk
34%
Koriand'r Starfire
29%
Eric Brooks Blade
26%
Katar Hol Hawkman
22%
Bobbi Morse Mockingbird
22%
Rachel Roth Raven
22%
Victor Shade Vision
13%
No matching quizzes found
Score Distribution
Percent of People with Each Score
Percentile by Number Answered
Your Score History
You have not taken this quiz since the last reset